Statistics for Countries With The Least Tourism

Click here to take the quiz!

General Stats

  • This quiz has been taken 68 times
  • The average score is 5 of 10

Answer Stats

ContinentCountry% Correct
OceaninaKiribati
82%
OceaninaTuvalu
81%
OceaninaSolomon Islands
58%
AfricaComoros
42%
AfricaSão Tomé and Principe
42%
AfricaGuinea
39%
AfricaMauritania
37%
AfricaSierra Leone
35%
AfricaLibya
31%
AsiaTurkmenistan
21%

Score Distribution

Percentile by Number Answered

Percent of People with Each Score

Your Score History

You have not taken this quiz